00536nam a2200193 a 4500001001300000003000900013005001700022008004100039020002300080082001700103100002000120245007300140260002500213300000900238500003500247505001000282650003000292700002000322nice12345678IN_TiNIC20260116013121.0050524s1999 lona grp 000 0 eng  a0712661 c69500a232.908bELL aEllegard, Alvar aJesusb One Hundred Years Before Christ: Study in Creative Mythology aLondonbRider c1999 a321p aincludes index and biblioraphy2 aIndex aJesus Christ-Historiocity1 aEllegard, Alvar